Nommez un personnage de Super Smash Bros. valide - Statistiques

Statistiques générales
  • Ce quiz a été pris 172 fois
  • Le résultat moyen est 13 sur 20
Statistiques - réponses
Nommez un personnage... Réponse % Correct
...ayant une statistique de poids supérieure ou égale à 100 Bowser | King K. Rool | Donkey Kong | Roi Dadidou | Ganondorf | Dracaufeu | Félinferno | Kazuya | Plante Piranha | Samus | Bowser Jr. | Samus sombre | Terry | Wario | Ike | Ridley | Simon | Richter| Snake | R.O.B. | Banjo-Kazooie | Link | Captain Falcon | Yoshi | Tireur Mii | Min-Min | Ryu | Ken | Mega Man | Héros | Épéiste Mii | Cloud
98%
...jouable dans Super Mario Kart (Mario exclus) Yoshi | Luigi | Peach | Bowser
96%
...écho (clone) d'un autre personnage Samus sombre | Daisy | Lucina | Chrom | Pit maléfique | Ken | Richter
89%
...ayant des cornes Bowser | Mewtwo | Dracaufeu | Bowser Jr.
87%
...ayant été un antagoniste au moins une fois Mario | Donkey Kong | Samus sombre | Bowser | Ganondorf | Meta Knight | Pit maléfique | Wario | Roi Dadidou | Wolf | Bowser Jr. | Ridley | King K.Rool | Plante Piranha | Sephiroth
81%
...féminin (officiellement, dans son costume de base) Samus | Peach | Daisy | Ice Climbers | Zelda | Lucina | Samus sans armure | Entraîneuse Wii Fit | Harmonie et Luma | Tireur Mii | Palutena | Bayonetta | Inkling | Marie | Min-Min | Pyra | Mythra
80%
...ayant survécu à Kilaire dans le mode histoire de Ultimate Kirby
74%
...faisant partie d'une licence possédant 8 personnages jouables Marth | Lucina | Roy | Chrom | Ike | Daraen | Corrin | Byleth
71%
...DLC de Super Smash Bros. for Wii U/Nintendo 3DS Mewtwo | Roy | Lucas | Ryu | Cloud | Corrin | Bayonetta
71%
...DLC du Fighter Pass 2 de Ultimate Min-Min | Steve | Sephiroth | Pyra | Mythra | Kazuya | Sora
71%
...débloquable dans le premier Super Smash Bros. Luigi | Ness | Captain Falcon | Rondoudou
70%
...apparu dans Brawl, bien que n'étant pas un personnage de Nintendo Snake | Sonic
66%
...commençant par la lettre A Amphinobi
58%
...jouable dans Super Smash Bros. Melee mais pas dans Brawl Dr. Mario | Pichu | Link enfant | Mewtwo | Roy
58%
...ayant un numéro dans la classification finissant par 9 Luigi | Pichu | Samus sans armure | Roi Dadidou | Little Mac | Duo Duck Hunt | Félinferno | Pyra
54%
...ayant les cheveux verts Palutena
51%
...n'ayant été cité dans aucune des questions si-dessus Fox | Pikachu | Sheik | Falco | Mr. Game and Watch | Pit | Carapuce | Herbizarre | Diddy Kong | Olimar | Lucario | R.O.B. | Link cartoon | Villageois | Pac-Man | Shulk | Joker
50%
...apparu pour la première fois dans un jeu Smash Roy | Boxeur Mii | Épéiste Mii | Tireur Mii | Corrin
36%
...n'ayant aucun costume alternatif qui ne soit un recoloring du costume de base Bowser Jr.
29%
...possédant ou ayant possédé plus de 8 costumes alternatifs différents Little Mac
11%
Aucun quiz correspondant
Distribution des résultats
% des personnes avec chaque résultat
Percentile par nombre de réponses
Votre historique - résultats
Vous n’avez pas pris ce quiz